[Event "NOR-ch Rapid"]
[Site "Bergen"]
[Date "2024.01.14"]
[Round "10"]
[White "Bjerke, Silje"]
[Black "Fiskaaen, Martin Holten"]
[Result "0-1"]
[WhiteElo "2188"]
[BlackElo "2127"]
[PlyCount "150"]
[EventDate "2024.01.13"]
[EventType "swiss (rapid)"]
[EventRounds "10"]
[EventCountry "NOR"]
[SourceTitle "CB03_2024"]
[SourceDate "2024.01.17"]
[SourceVersion "1"]
[SourceVersionDate "2024.01.17"]
[SourceQuality "1"]

1. e4 c5 2. c3 Nf6 3. e5 Nd5 4. Nf3 d6 5. d4 cxd4 6. cxd4 Nc6 7. exd6 e6 8. Nc3 Bxd6 9. Bc4 Nce7 10. 0-0 0-0 11. Re1 Bd7 12. Ne4 Bc6 13. Nxd6 Qxd6 14. Ne5 Rad8 15. Be3 Nf5 16. Nxc6 Qxc6 17. Bd3 Qd6 18. Qf3 Nfxe3 19. fxe3 g6 20. Rad1 b6 21. Bb1 Qb4 22. Qf2 Ne7 23. Rf1 Nc8 24. Rc1 Qe7 25. Qf4 Nd6 26. h4 Rc8 27. h5 Nc4 28. Rf2 e5 29. dxe5 Nxe5 30. Rcf1 Nc4 31. Re2 Qc5 32. h6 Qe7 33. b3 Ne5 34. Ref2 a5 35. Qd4 Rc5 36. Qf4 Rc6 37. Rd2 Re6 38. Re2 Nc6 39. Rd1 Re8 40. Rd3 Ne5 41. Rc3 Qd6 42. Re1 Qe7 43. Rec1 Qd6 44. Rc7 R6e7 45. R7c3 Qe6 46. Rf1 Rd8 47. Rfc1 Red7 48. Rf1 Rd1 49. Rc1 Rxf1+ 50. Rxf1 Qe7 51. Rc1 Re8 52. Rf1 Nd7 53. Rf2 Ne5 54. Qd4 Qe6 55. Qf4 Qd6 56. Bc2 Rc8 57. Qe4 Qe6 58. Qf4 Ng4 59. Re2 Re8 60. Qd4 Nxh6 61. Bd3 Qe7 62. Qxb6 Rd8 63. Qb5 Ng4 64. Re1 Qd6 65. Be4 Qh2+ 66. Kf1 Qg3 67. Qe2 Re8 68. Bf3 Nh2+ 69. Kg1 Nxf3+ 70. Qxf3 Qxe1+ 71. Kh2 Qxe3 72. Qc6 Qe5+ 73. Kh1 Qe1+ 74. Kh2 Qh4+ 75. Kg1 Re1# 0-1

[Event "NOR-SWE m"]
[Site "Stavanger"]
[Date "2016.04.23"]
[Round "1.9"]
[White "Bjerke, Silje"]
[Black "Agrest, Inna"]
[Result "1/2-1/2"]
[WhiteElo "2157"]
[BlackElo "2226"]
[PlyCount "127"]
[EventDate "2016.04.23"]
[EventType "team-match"]
[EventRounds "2"]
[EventCountry "NOR"]
[SourceTitle "CBM 172 Extra"]
[Source "ChessBase"]
[SourceDate "2016.06.21"]
[SourceVersion "1"]
[SourceVersionDate "2016.06.21"]
[SourceQuality "1"]
[WhiteTeam "Norway"]
[BlackTeam "Sweden"]
[WhiteTeamCountry "NOR"]
[BlackTeamCountry "SWE"]

1. e4 e5 2. Nf3 Nc6 3. Bb5 a6 4. Ba4 Nf6 5. 0-0 Bc5 6. c3 b5 7. Bb3 d6 8. a4 Bg4 9. axb5 axb5 10. Rxa8 Qxa8 11. h3 Bh5 12. d3 0-0 13. Bg5 Nd7 14. g4 Bg6 15. Nh4 Kh8 16. Bd5 Qa6 17. b4 Ba7 18. Qc1 f6 19. Nxg6+ hxg6 20. Be3 Ne7 21. Bb3 c5 22. Qa3 Qb7 23. Nd2 Bb6 24. Ra1 f5 25. Bg5 Nf6 26. Bxf6 gxf6 27. Qa6 Qc6 28. Nf1 cxb4 29. cxb4 f4 30. Qa3 Rc8 31. Ra2 Qc3 32. Rc2 Qd4 33. Qb2 Qxb2 34. Rxb2 Rc3 35. Bc2 Nc6 36. Bb1 Nd4 37. Nd2 Ne2+ 38. Kg2 Nc1 39. Rc2 Rxc2 40. Bxc2 Na2 41. Bb1 Nxb4 42. Kf3 g5 43. Nb3 Kg7 44. Nc1 Bc5 45. Ne2 Bd4 46. Nc1 Kf7 47. Na2 Nc6 48. Bc2 Ke7 49. Bb3 Bc5 50. Bd5 Nd4+ 51. Kg2 Kd7 52. f3 b4 53. Nc1 Nc2 54. Kf1 Kc7 55. Bc4 Kb6 56. Nb3 Nd4 57. Nxd4 Bxd4 58. Ke2 Kc5 59. Kd2 Be3+ 60. Kc2 Kd4 61. Bd5 Bf2 62. Kd2 Kc5 63. Be6 Kb5 64. Bb3 1/2-1/2

[Event "Liberec op 15th"]
[Site "Liberec"]
[Date "2015.02.17"]
[Round "5"]
[White "Bjerke, Silje"]
[Black "Kabelka, Ondrej"]
[Result "1-0"]
[WhiteElo "2157"]
[BlackElo "1923"]
[PlyCount "49"]
[EventDate "2015.02.14"]
[EventType "swiss"]
[EventRounds "9"]
[EventCountry "CZE"]
[SourceTitle "CBM 164 Extra"]
[Source "ChessBase"]
[SourceDate "2015.03.02"]
[SourceVersion "1"]
[SourceVersionDate "2015.03.02"]
[SourceQuality "1"]

1. e4 e6 2. d4 d5 3. Nc3 Bb4 4. e5 c5 5. a3 Bxc3+ 6. bxc3 Ne7 7. Qg4 Qc7 8. Bd3 cxd4 9. Ne2 Nbc6 10. cxd4 Bd7 11. 0-0 Na5 12. Qxg7 Rg8 13. Qf6 Ba4 14. Bxh7 Rf8 15. Bg5 Nac6 16. Bd3 0-0-0 17. Rab1 Rde8 18. Nc3 Qa5 19. Bd2 Nd8 20. Ne4 Qc7 21. Nd6+ Kb8 22. Nxe8 Rxe8 23. h4 Ng8 24. Qf4 Qe7 25. Bb4 1-0

[Event "Liberec op 15th"]
[Site "Liberec"]
[Date "2015.02.16"]
[Round "3"]
[White "Bjerke, Silje"]
[Black "Nagy, Gabor"]
[Result "0-1"]
[WhiteElo "2157"]
[BlackElo "2391"]
[PlyCount "68"]
[EventDate "2015.02.14"]
[EventType "swiss"]
[EventRounds "9"]
[EventCountry "CZE"]
[SourceTitle "CBM 164 Extra"]
[Source "ChessBase"]
[SourceDate "2015.03.02"]
[SourceVersion "1"]
[SourceVersionDate "2015.03.02"]
[SourceQuality "1"]

1. e4 c5 2. Nf3 d6 3. d4 cxd4 4. Nxd4 Nf6 5. Nc3 Nc6 6. Be2 e5 7. Nf3 h6 8. 0-0 Be7 9. Re1 0-0 10. h3 a6 11. a4 Be6 12. Bf1 Nb4 13. b3 Rc8 14. Bb2 Nh7 15. Rc1 Ng5 16. Nxg5 Bxg5 17. Rb1 Rc6 18. Ba3 Qa5 19. Bxb4 Qxb4 20. Nd5 Bxd5 21. exd5 Rc3 22. Ra1 f5 23. a5 e4 24. Bc4 Qc5 25. Ra2 Re8 26. Rf1 f4 27. Qh5 Re5 28. h4 Bf6 29. Qg4 f3 30. g3 e3 31. fxe3 Rcxe3 32. Kh2 R5e4 33. Qh5 Rxc4 34. bxc4 Qxc4 0-1

[Event "Liberec op 15th"]
[Site "Liberec"]
[Date "2015.02.15"]
[Round "2"]
[White "Prachar, Josef"]
[Black "Bjerke, Silje"]
[Result "0-1"]
[WhiteElo "1919"]
[BlackElo "2157"]
[PlyCount "116"]
[EventDate "2015.02.14"]
[EventType "swiss"]
[EventRounds "9"]
[EventCountry "CZE"]
[SourceTitle "CBM 164 Extra"]
[Source "ChessBase"]
[SourceDate "2015.03.02"]
[SourceVersion "1"]
[SourceVersionDate "2015.03.02"]
[SourceQuality "1"]

1. d4 Nf6 2. c4 e6 3. Nc3 Bb4 4. a3 Bxc3+ 5. bxc3 c5 6. f3 d5 7. cxd5 Nxd5 8. dxc5 Qa5 9. e4 Nf6 10. Be3 0-0 11. Qb3 Nfd7 12. Qb4 Qc7 13. Bb5 Ne5 14. Rd1 Nbc6 15. Qa4 Bd7 16. Nh3 a6 17. Be2 Na5 18. Qb4 Bb5 19. Bxb5 axb5 20. 0-0 Nac4 21. Bc1 Qc6 22. Kh1 Ra4 23. Qb3 Qxc5 24. Nf2 Nxa3 25. f4 Nec4 26. Nd3 Qc6 27. Ne5 Qc8 28. Rd4 Na5 29. Qd1 Rxd4 30. cxd4 N3c4 31. f5 exf5 32. Rxf5 Nxe5 33. Rxe5 Rd8 34. h3 Nc6 35. Rc5 Qe6 36. Bb2 Qxe4 37. Rxb5 Ne7 38. Qb3 Nd5 39. Rxb7 Rf8 40. Rb8 g6 41. Rxf8+ Kxf8 42. Qb8+ Kg7 43. Qe5+ Qxe5 44. dxe5 Kf8 45. Kg1 Nf4 46. Ba3+ Ke8 47. Kf1 Kd7 48. h4 Ke6 49. g3 Nd3 50. Bd6 Nxe5 51. Bc7 Kf5 52. Kg2 f6 53. Kh3 h5 54. Bb8 Ke4 55. Kg2 Ng4 56. Bf4 Ne3+ 57. Kf2 Nf5 58. Kg2 Nxh4+ 0-1

[Event "Liberec op 15th"]
[Site "Liberec"]
[Date "2015.02.14"]
[Round "1"]
[White "Bjerke, Silje"]
[Black "Mraz, Pavel"]
[Result "1-0"]
[WhiteElo "2157"]
[BlackElo "1706"]
[PlyCount "57"]
[EventDate "2015.02.14"]
[EventType "swiss"]
[EventRounds "9"]
[EventCountry "CZE"]
[SourceTitle "CBM 164 Extra"]
[Source "ChessBase"]
[SourceDate "2015.03.02"]
[SourceVersion "1"]
[SourceVersionDate "2015.03.02"]
[SourceQuality "1"]

1. e4 c5 2. Nf3 d6 3. d4 cxd4 4. Nxd4 Nf6 5. Nc3 a6 6. Bc4 e6 7. 0-0 Be7 8. a4 Qc7 9. Ba2 Nc6 10. Be3 Bd7 11. f4 Nxd4 12. Bxd4 0-0 13. e5 dxe5 14. fxe5 Ne8 15. Kh1 Bc6 16. Qg4 Qc8 17. Rae1 b5 18. Rxf7 Rxf7 19. Bxe6 Qb7 20. Rf1 b4 21. Rxf7 Kh8 22. Ne2 Rd8 23. Qg5 h6 24. Qxe7 Bxg2+ 25. Kg1 Qxe7 26. Rxe7 Bf3 27. Nf4 Be4 28. Bd7 Nc7 29. e6 1-0

[Event "NOR-chT 1415"]
[Site "Norway"]
[Date "2014.11.02"]
[Round "3.3"]
[White "Bjerke, Silje"]
[Black "Pham, Toan Thanh"]
[Result "0-1"]
[WhiteElo "2193"]
[BlackElo "2093"]
[PlyCount "112"]
[EventDate "2014.10.31"]
[EventType "team-tourn"]
[EventRounds "11"]
[EventCountry "NOR"]
[SourceTitle "EXT 2015"]
[Source "ChessBase"]
[SourceDate "2014.11.20"]
[SourceVersion "1"]
[SourceVersionDate "2014.11.20"]
[SourceQuality "1"]
[WhiteTeam "Oslo SK 1911"]
[BlackTeam "Oslo Akademisk"]
[WhiteTeamCountry "NOR"]
[BlackTeamCountry "NOR"]

1. e4 c5 2. Nf3 e6 3. d4 cxd4 4. Nxd4 Nc6 5. Nc3 Qc7 6. Be2 a6 7. a3 Nf6 8. Be3 b5 9. 0-0 Bb7 10. f4 Nxd4 11. Qxd4 Rc8 12. e5 Nd5 13. Nxd5 Bxd5 14. b4 Qb7 15. Bf3 Bxf3 16. Rxf3 Rxc2 17. Rd1 h5 18. h3 h4 19. Bf2 Rh6 20. f5 Rc4 21. Qd3 Qc6 22. fxe6 Qxe6 23. Qe3 Be7 24. Qa7 Qc6 25. Rfd3 Rg6 26. Qxd7+ Qxd7 27. Rxd7 Rgc6 28. Ra7 Rc1 29. Rxc1 Rxc1+ 30. Kh2 Bg5 31. Ra8+ Kd7 32. Ra7+ Rc7 33. Rxc7+ Kxc7 34. g3 hxg3+ 35. Kxg3 Kd7 36. Bd4 Ke6 37. Bb2 g6 38. Kg4 Bd2 39. Kg3 Kf5 40. Kf3 Bf4 41. Kf2 Bxe5 42. Bc1 Ke4 43. Ke2 f5 44. Kf2 f4 45. Ke2 f3+ 46. Kf2 Bd4+ 47. Kg3 f2 48. Kg2 Kd3 49. Kf1 Kc2 50. Bg5 Kb2 51. Be7 Kxa3 52. Bd6 Kb3 53. Bc5 Bc3 54. Kxf2 Bxb4 55. Bd4 Bc3 56. Bc5 a5 0-1

[Event "SUI-ch HT"]
[Site "Bern"]
[Date "2014.10.04"]
[Round "9"]
[White "Bjerke, Silje"]
[Black "Habibi, Ali"]
[Result "0-1"]
[WhiteElo "2193"]
[BlackElo "2244"]
[PlyCount "124"]
[EventDate "2014.09.27"]
[EventType "swiss"]
[EventRounds "9"]
[EventCountry "SUI"]
[SourceTitle "EXT 2016"]
[Source "ChessBase"]
[SourceDate "2015.10.08"]
[SourceVersion "1"]
[SourceVersionDate "2015.10.08"]
[SourceQuality "1"]

1. e4 g6 2. d4 Bg7 3. Nf3 d6 4. Be2 Nf6 5. Nc3 c5 6. 0-0 cxd4 7. Nxd4 0-0 8. Bg5 Nc6 9. Nb3 a5 10. a4 Be6 11. Kh1 Qc8 12. f4 Nb4 13. Nd4 Bc4 14. Ndb5 Qc5 15. f5 Rac8 16. Qd2 Bxe2 17. Qxe2 Qc4 18. Qxc4 Rxc4 19. Na3 Rc6 20. Rae1 h6 21. Bc1 Ng4 22. Nd5 Re8 23. Re2 g5 24. h3 Nf6 25. Nxf6+ Bxf6 26. c3 Nd3 27. Be3 b6 28. Bd4 Kg7 29. Rd1 Nf4 30. Red2 Nh5 31. Kh2 Rb8 32. Nb5 Bxd4 33. cxd4 Nf6 34. Nc3 Rc4 35. Kg1 Rb7 36. Kf1 Rbc7 37. Ke2 e6 38. e5 dxe5 39. dxe5 Ne4 40. f6+ Kg6 41. Rd4 Rxd4 42. Rxd4 Nxc3+ 43. bxc3 Rxc3 44. g4 Rc5 45. Re4 h5 46. Kd3 b5 47. axb5 Rxb5 48. Re3 hxg4 49. hxg4 Rb4 50. Re4 Rb5 51. Re1 a4 52. Kc4 Rb3 53. Re4 Rf3 54. Kc5 a3 55. Ra4 Rd3 56. Ra8 Rd5+ 57. Kc6 Rxe5 58. Kd6 Kxf6 59. Rxa3 Rd5+ 60. Kc6 Rd4 61. Rf3+ Kg6 62. Rg3 f5 0-1

[Event "SUI-ch HT"]
[Site "Bern"]
[Date "2014.09.28"]
[Round "3"]
[White "Hasenohr, Benedict"]
[Black "Bjerke, Silje"]
[Result "1-0"]
[WhiteElo "2281"]
[BlackElo "2193"]
[PlyCount "41"]
[EventDate "2014.09.27"]
[EventType "swiss"]
[EventRounds "9"]
[EventCountry "SUI"]
[SourceTitle "EXT 2016"]
[Source "ChessBase"]
[SourceDate "2015.10.08"]
[SourceVersion "1"]
[SourceVersionDate "2015.10.08"]
[SourceQuality "1"]

1. d4 Nf6 2. c4 e6 3. Nc3 Bb4 4. Qc2 0-0 5. e4 d5 6. e5 Ne4 7. Bd3 c5 8. Nf3 cxd4 9. Nxd4 Qa5 10. 0-0 Bxc3 11. Nb3 Qc7 12. bxc3 Qxe5 13. Ba3 Re8 14. cxd5 exd5 15. Rae1 Qh5 16. c4 Bd7 17. cxd5 Nf6 18. Rxe8+ Bxe8 19. Qc8 Qxd5 20. Re1 Qd7 21. Qc5 1-0

[Event "Olympiad Women-41"]
[Site "Tromsoe"]
[Date "2014.08.10"]
[Round "8.2"]
[White "Bjerke, Silje"]
[Black "Isgandarova, Khayala Ilqar Qizi"]
[Result "1-0"]
[WhiteElo "2189"]
[BlackElo "2190"]
[PlyCount "79"]
[EventDate "2014.08.02"]
[EventType "team-swiss"]
[EventRounds "11"]
[EventCountry "NOR"]
[SourceTitle "CBM 162"]
[Source "ChessBase"]
[SourceDate "2014.09.17"]
[SourceVersion "1"]
[SourceVersionDate "2014.09.17"]
[SourceQuality "1"]
[WhiteTeam "Norway (W)"]
[BlackTeam "Turkey (W)"]
[WhiteTeamCountry "NOR"]
[BlackTeamCountry "TUR"]

1. e4 e6 2. d4 d5 3. Nc3 Nf6 4. e5 Nfd7 5. f4 c5 6. Nf3 Nc6 7. Be3 a6 8. Qd2 b5 9. dxc5 Bxc5 10. 0-0-0 Qa5 11. Kb1 b4 12. Ne2 Bxe3 13. Qxe3 Nc5 14. Ned4 Ne7 15. g4 Bd7 16. Bg2 Na4 17. Nb3 Qc7 18. Nfd4 Nb6 19. Na5 Qc5 20. Nb7 Nc4 21. Qe1 Qb6 22. Nd6+ Nxd6 23. exd6 Qxd6 24. f5 e5 25. Ne2 Rc8 26. Ng3 f6 27. Qd2 0-0 28. Rhe1 d4 29. h4 Bc6 30. Ne4 Qb8 31. g5 Nd5 32. h5 Nc3+ 33. Ka1 Nxe4 34. Bxe4 Bxe4 35. Rxe4 fxg5 36. Qxg5 h6 37. Qg4 Rxc2 38. Kb1 Rf2 39. Rg1 Qc8 40. Qxg7# 1-0

[Event "Olympiad Women-41"]
[Site "Tromsoe"]
[Date "2014.08.04"]
[Round "3.2"]
[White "Madl, Ildiko"]
[Black "Bjerke, Silje"]
[Result "1-0"]
[WhiteElo "2347"]
[BlackElo "2189"]
[PlyCount "55"]
[EventDate "2014.08.02"]
[EventType "team-swiss"]
[EventRounds "11"]
[EventCountry "NOR"]
[SourceTitle "CBM 162"]
[Source "ChessBase"]
[SourceDate "2014.09.17"]
[SourceVersion "1"]
[SourceVersionDate "2014.09.17"]
[SourceQuality "1"]
[WhiteTeam "Hungary (W)"]
[BlackTeam "Norway (W)"]
[WhiteTeamCountry "HUN"]
[BlackTeamCountry "NOR"]

1. e4 e5 2. Nf3 Nc6 3. Bb5 a6 4. Ba4 Nf6 5. 0-0 Be7 6. Re1 b5 7. Bb3 0-0 8. a4 b4 9. d3 d6 10. Nbd2 Be6 11. Nc4 Rb8 12. h3 Qc8 13. c3 Qb7 14. Ba2 b3 15. Bb1 Nxe4 16. Rxe4 d5 17. Rxe5 dxc4 18. Re1 Rbd8 19. Qe2 Na5 20. dxc4 Bf6 21. Ng5 Bxg5 22. Bxg5 Rde8 23. Be4 Qc8 24. Qh5 f5 25. Bd5 Nxc4 26. Rxe6 Rxe6 27. Re1 g6 28. Qe2 1-0

[Event "Graz Casino op-A"]
[Site "Graz"]
[Date "2014.02.20"]
[Round "8"]
[White "Bjerke, Silje"]
[Black "Minko, Vladimir"]
[Result "1-0"]
[WhiteElo "2181"]
[BlackElo "2310"]
[PlyCount "35"]
[EventDate "2014.02.14"]
[EventType "swiss"]
[EventRounds "9"]
[EventCountry "AUT"]
[SourceTitle "CBM 158 Extra"]
[Source "ChessBase"]
[SourceDate "2014.02.28"]
[SourceVersion "1"]
[SourceVersionDate "2014.02.28"]
[SourceQuality "1"]

1. e4 c5 2. Nf3 e6 3. d4 cxd4 4. Nxd4 Nc6 5. Nc3 Qc7 6. Be2 a6 7. Be3 Nf6 8. a3 Be7 9. 0-0 Ne5 10. f4 Nc4 11. Bxc4 Qxc4 12. e5 Nd5 13. Nxd5 Qxd5 14. Qg4 0-0 15. f5 Qxe5 16. Rae1 d5 17. Bg5 Qc7 18. Bxe7 1-0

[Event "NOR-chT 1314"]
[Site "Norway"]
[Date "2014.01.12"]
[Round "6.3"]
[White "Bjerke, Silje"]
[Black "Kvisvik, Brede Alexander"]
[Result "0-1"]
[WhiteElo "2192"]
[BlackElo "2254"]
[PlyCount "158"]
[EventDate "2013.11.01"]
[EventType "team-tourn"]
[EventRounds "9"]
[EventCountry "NOR"]
[SourceTitle "EXT 2015"]
[Source "ChessBase"]
[SourceDate "2014.11.20"]
[SourceVersion "1"]
[SourceVersionDate "2014.11.20"]
[SourceQuality "1"]
[WhiteTeam "Oslo SK 1911"]
[BlackTeam "Valerenga"]
[WhiteTeamCountry "NOR"]
[BlackTeamCountry "NOR"]

1. e4 c5 2. Nf3 d6 3. d4 cxd4 4. Nxd4 Nf6 5. Nc3 a6 6. Be2 e6 7. 0-0 Nc6 8. Be3 Be7 9. f4 Qc7 10. Kh1 Na5 11. a4 b6 12. Bf3 Bb7 13. Qe1 Nc4 14. Bc1 Nd7 15. b3 Na5 16. Bb2 Bf6 17. Rd1 0-0 18. Nde2 Rfd8 19. Qd2 Nf8 20. Qe3 Ng6 21. g3 Rac8 22. Rd3 Nc6 23. Ba3 Rd7 24. Rfd1 Rcd8 25. Qd2 Be7 26. Bg2 d5 27. Bxe7 Ncxe7 28. e5 Nf5 29. Rc1 h5 30. Nd4 Nxd4 31. Rxd4 Ne7 32. Ne2 Nf5 33. Rd3 d4 34. Bxb7 Qxb7+ 35. Kg1 b5 36. axb5 axb5 37. c3 dxc3 38. Rcxc3 Qa7+ 39. Kg2 Qb7+ 40. Kg1 Qa7+ 41. Kg2 Rxd3 42. Rxd3 Qb7+ 43. Kg1 Qb6+ 44. Kg2 Qc6+ 45. Kg1 Qc5+ 46. Kg2 Rxd3 47. Qxd3 b4 48. h3 h4 49. g4 Ne3+ 50. Kf3 Nd5 51. Kg2 g6 52. Kf3 Kg7 53. Kg2 Qa7 54. Qf3 Qa1 55. Kf2 Qb2 56. Kf1 Qb1+ 57. Kf2 Qc2 58. f5 gxf5 59. gxf5 Qxf5 60. Qxf5 exf5 61. Nd4 Kg6 62. Nf3 Kh5 63. Nd4 Nf4 64. Nxf5 Nxh3+ 65. Kf3 Ng5+ 66. Kf4 Ne6+ 67. Ke3 Nc5 68. Nd4 Kg4 69. Kf2 Nd3+ 70. Kg2 Nxe5 71. Nc2 Nd3 72. Ne3+ Kg5 73. Kf3 f5 74. Nf1 Nc5 75. Ne3 Nxb3 76. Nc2 Nd2+ 77. Ke2 b3 78. Na3 h3 79. Kf2 b2 0-1

[Event "Krakow op-A 24th"]
[Site "Krakow"]
[Date "2013.12.29"]
[Round "3"]
[White "Bjerke, Silje"]
[Black "Gawronski, Lukasz"]
[Result "1-0"]
[WhiteElo "2192"]
[BlackElo "2040"]
[PlyCount "81"]
[EventDate "2013.12.27"]
[EventType "swiss"]
[EventRounds "9"]
[EventCountry "POL"]
[SourceTitle "CBM 158 Extra"]
[Source "ChessBase"]
[SourceDate "2014.02.28"]
[SourceVersion "1"]
[SourceVersionDate "2014.02.28"]
[SourceQuality "1"]

1. e4 c5 2. Nf3 Nc6 3. d4 cxd4 4. Nxd4 Nf6 5. Nc3 e5 6. Ndb5 d6 7. Bg5 a6 8. Na3 b5 9. Nd5 Be7 10. Bxf6 Bxf6 11. c4 Qa5+ 12. Qd2 Qxd2+ 13. Kxd2 Bg5+ 14. Kd1 0-0 15. cxb5 Nd4 16. b6 Bb7 17. h4 Bd8 18. Nc4 f5 19. Nxd6 Bxd5 20. exd5 Bxb6 21. Nc4 Ba7 22. Nxe5 Nb5 23. Bc4 Nd6 24. f4 Bd4 25. Bd3 Bxb2 26. Rb1 Bd4 27. Re1 Bf2 28. Re2 Bxh4 29. Rb6 Rfd8 30. Rxa6 Rxa6 31. Bxa6 Bg3 32. Bd3 Bxf4 33. Nc6 Rd7 34. Kc2 Bg5 35. a4 Ne4 36. a5 Kf8 37. a6 Rxd5 38. a7 Rc5+ 39. Kb3 Rc3+ 40. Kb4 Be7+ 41. Nxe7 1-0

[Event "Berlin ND (Women) 7th"]
[Site "Berlin"]
[Date "2013.11.28"]
[Round "2.2"]
[White "Bjerke, Silje"]
[Black "Paehtz, Elisabeth"]
[Result "0-1"]
[WhiteElo "2195"]
[BlackElo "2449"]
[PlyCount "100"]
[EventDate "2013.11.28"]
[EventType "tourn (rapid)"]
[EventRounds "3"]
[EventCountry "GER"]
[EventCategory "6"]
[SourceTitle "CBM 157 Extra"]
[Source "ChessBase"]
[SourceDate "2013.12.19"]
[SourceVersion "1"]
[SourceVersionDate "2013.12.19"]
[SourceQuality "1"]

1. e4 c5 2. Nf3 Nf6 3. Nc3 d6 4. d4 cxd4 5. Nxd4 a6 6. Bc4 e6 7. 0-0 b5 8. Bb3 Be7 9. Qf3 Qb6 10. Be3 Qb7 11. Qg3 b4 12. Na4 Nbd7 13. f3 0-0 14. Rac1 Nc5 15. c4 bxc3 16. Rxc3 Bd7 17. Nxc5 dxc5 18. Ne2 Bb5 19. Re1 c4 20. Bxc4 Bb4 21. Bxb5 Bxc3 22. Nxc3 axb5 23. Bd4 Nh5 24. Qg5 Rfd8 25. Nxb5 f6 26. Qxh5 e5 27. Bc3 Qxb5 28. a3 Qc5+ 29. Kh1 Qf2 30. Qf5 Ra6 31. h3 Rc6 32. Rg1 Rcd6 33. Be1 Qxb2 34. Bh4 Qxa3 35. Qg4 Qe3 36. Qg3 Rd1 37. Qf2 Rxg1+ 38. Qxg1 Qxg1+ 39. Kxg1 Rd2 40. Kf1 Ra2 41. Bf2 Kf7 42. g3 Ke6 43. Kg2 f5 44. exf5+ Kxf5 45. h4 e4 46. fxe4+ Kxe4 47. g4 Kf4 48. g5 Kg4 49. Kg1 Rxf2 50. Kxf2 Kxh4 0-1

[Event "Berlin ND (Women) fin2 7th"]
[Site "Berlin"]
[Date "2013.11.28"]
[Round "5.2"]
[White "Michna, Marta"]
[Black "Bjerke, Silje"]
[Result "1-0"]
[WhiteElo "2357"]
[BlackElo "2195"]
[PlyCount "97"]
[EventDate "2013.11.28"]
[EventType "match (rapid)"]
[EventRounds "2"]
[EventCountry "GER"]
[SourceTitle "CBM 157 Extra"]
[Source "ChessBase"]
[SourceDate "2013.12.19"]
[SourceVersion "1"]
[SourceVersionDate "2013.12.19"]
[SourceQuality "1"]

1. f4 e5 2. fxe5 d6 3. exd6 Bxd6 4. Nf3 g5 5. g3 g4 6. Nh4 Ne7 7. d4 Ng6 8. Nxg6 hxg6 9. Qd3 Nc6 10. c3 Bf5 11. e4 Qe7 12. Bg2 0-0-0 13. Be3 Bd7 14. Bf2 f5 15. Nd2 fxe4 16. Qe3 Qf7 17. b3 Bf8 18. Qf4 Bf5 19. Be3 Ne7 20. c4 Bh6 21. Qf2 Bxe3 22. Qxe3 Qg7 23. Bxe4 Rxd4 24. 0-0 Bxe4 25. Nxe4 Qe5 26. Rae1 Nf5 27. Qf4 Qxf4 28. Rxf4 Re8 29. Nd6+ Rxd6 30. Rxe8+ Kd7 31. Re1 Nd4 32. Kf2 Nf5 33. Rxg4 Rd2+ 34. Re2 Rd6 35. Rf4 Nd4 36. Rf7+ Kc6 37. Ree7 Ne6 38. Rf6 Nc5 39. Rxd6+ Kxd6 40. Rg7 g5 41. Ke3 Ne6 42. Rg6 Ke5 43. Rxe6+ Kxe6 44. Ke4 c6 45. h4 gxh4 46. gxh4 Kf6 47. Kf4 a5 48. c5 Kg6 49. Ke5 1-0

[Event "NOR-chT 1314"]
[Site "Norway"]
[Date "2013.11.02"]
[Round "2.1"]
[White "Bjerke, Silje"]
[Black "Borchgrevink, Harald"]
[Result "1/2-1/2"]
[WhiteElo "2195"]
[BlackElo "2271"]
[PlyCount "24"]
[EventDate "2013.11.01"]
[EventType "team-tourn"]
[EventRounds "9"]
[EventCountry "NOR"]
[SourceTitle "EXT 2014"]
[Source "ChessBase"]
[SourceDate "2013.11.20"]
[SourceVersion "1"]
[SourceVersionDate "2013.11.20"]
[SourceQuality "1"]
[WhiteTeam "Oslo SK 1911"]
[BlackTeam "Bergens"]
[WhiteTeamCountry "NOR"]
[BlackTeamCountry "NOR"]

1. e4 c5 2. Nf3 Nc6 3. d4 cxd4 4. Nxd4 e5 5. Nb5 d6 6. N1c3 a6 7. Na3 Be6 8. Nc4 b5 9. Ne3 Nf6 10. g3 Be7 11. Bg2 Rc8 12. 0-0 0-0 1/2-1/2

[Event "Rhein Main op-A 16th"]
[Site "Bad Homburg"]
[Date "2013.06.02"]
[Round "7"]
[White "Gawehns, Klaus"]
[Black "Bjerke, Silje"]
[Result "1/2-1/2"]
[WhiteElo "2371"]
[BlackElo "2210"]
[PlyCount "23"]
[EventDate "2013.05.29"]
[EventType "swiss"]
[EventRounds "7"]
[EventCountry "GER"]
[SourceTitle "EXT 2014"]
[Source "ChessBase"]
[SourceDate "2013.11.20"]
[SourceVersion "1"]
[SourceVersionDate "2013.11.20"]
[SourceQuality "1"]

1. Nf3 Nc6 2. e4 e5 3. Nc3 Nf6 4. Bb5 Bb4 5. 0-0 0-0 6. d3 d6 7. Ne2 Ne7 8. c3 Ba5 9. Ng3 c6 10. Ba4 Ng6 11. d4 h6 12. h3 1/2-1/2

[Event "Rhein Main op-A 16th"]
[Site "Bad Homburg"]
[Date "2013.06.01"]
[Round "5"]
[White "De Andres Gonalons, Fernando"]
[Black "Bjerke, Silje"]
[Result "0-1"]
[WhiteElo "2087"]
[BlackElo "2210"]
[PlyCount "82"]
[EventDate "2013.05.29"]
[EventType "swiss"]
[EventRounds "7"]
[EventCountry "GER"]
[SourceTitle "EXT 2014"]
[Source "ChessBase"]
[SourceDate "2013.11.20"]
[SourceVersion "1"]
[SourceVersionDate "2013.11.20"]
[SourceQuality "1"]

1. d4 Nf6 2. c4 g6 3. g3 Bg7 4. Bg2 0-0 5. Nf3 d6 6. 0-0 Nc6 7. Nc3 a6 8. h3 Bd7 9. e4 e5 10. Be3 exd4 11. Nxd4 Re8 12. Re1 Rb8 13. Nxc6 bxc6 14. Qd2 Be6 15. b3 Nd7 16. Rad1 c5 17. f4 a5 18. Na4 Qc8 19. Kh2 Rb4 20. Qc2 f5 21. Bd2 Rb8 22. Bxa5 fxe4 23. Rxe4 Nf6 24. Re2 Bf5 25. Rxe8+ Qxe8 26. Qd2 Qd7 27. Re1 Rc8 28. Bc3 Kh8 29. g4 Be6 30. g5 Nh5 31. Bf3 Bxc3 32. Qxc3+ Ng7 33. Qf6 Re8 34. Nc3 Qc8 35. Nd5 Rf8 36. Qc3 Bxd5 37. Bxd5 Rxf4 38. Re6 Rd4 39. Rf6 Qe8 40. Bf3 Qe5+ 41. Kh1 Nh5 0-1

[Event "Odense Andersen op"]
[Site "Odense"]
[Date "2013.05.10"]
[Round "4"]
[White "Bjerke, Silje"]
[Black "Olsson, Tomas"]
[Result "1-0"]
[WhiteElo "2210"]
[BlackElo "1936"]
[PlyCount "45"]
[EventDate "2013.05.08"]
[EventType "swiss"]
[EventRounds "9"]
[EventCountry "DEN"]
[SourceTitle "CBM 154 Extra"]
[Source "ChessBase"]
[SourceDate "2013.06.25"]
[SourceVersion "2"]
[SourceVersionDate "2013.06.25"]
[SourceQuality "1"]

1. e4 e5 2. Nf3 Nc6 3. Bb5 a6 4. Ba4 Nf6 5. d3 d6 6. c3 Be7 7. Nbd2 0-0 8. 0-0 b5 9. Bb3 Na5 10. Bc2 c5 11. Re1 Re8 12. Nf1 h6 13. Ng3 Bf8 14. h3 Qc7 15. Nh2 Bd7 16. Qf3 Qd8 17. Nf5 Kh7 18. Ng4 Nxg4 19. hxg4 g6 20. Nxd6 Bxd6 21. Qxf7+ Kh8 22. Bxh6 Rg8 23. Re3 1-0